| 000 | 00586cam a2200205 4500 | ||
|---|---|---|---|
| 001 | 2179993 | ||
| 005 | 20180103042055.0 | ||
| 008 | 690829s1969 cau b 001 0 eng | ||
| 010 | _a 69016921 | ||
| 040 |
_aDLC _cDLC _dDLC |
||
| 041 | _aeng | ||
| 080 | _a301.32 HAR | ||
| 082 | 0 | 0 | _a301.32 HAR |
| 100 | 1 | _a48 | |
| 101 | _aPSI | ||
| 245 | 1 | 0 |
_aPopulation, evolution, and birth control; _cassembled by Garrett Hardin. |
| 504 | _aIncludes bibliographical references. | ||
| 906 |
_a7 _bcbc _corignew _du _encip _f19 _gy-gencatlg |
||
| 942 |
_2ddc _cBK |
||
| 999 |
_c39610 _d39610 |
||